000 00197 a2200097 4500
041 _aspa
100 _aBrown, Marc
245 _aArturo y sus problemas con el profesor
942 _cBK
952 _71
999 _c20479
_d20479